German FIFA World Champion Squad 2014 - Statistics

General Stats
  • This quiz has been taken 209 times
  • The average score is 17 of 27
Answer Stats
No. Position Name Age Club Country % Correct
1 GK Manuel Neuer 28 FC Bayern Munich GER
100%
5 DF Mats Hummels 25 Borussia Dortmund GER
91%
8 MF Mesut Özil 25 Arsenal F.C. ENG
91%
11 FW Miroslav Klose 36 S.S. Lazio ITA
85%
16 (C) DF Philipp Lahm 30 FC Bayern Munich GER
85%
13 MF Thomas Müller 24 FC Bayern Munich GER
84%
18 MF Toni Kroos 24 FC Bayern Munich GER
84%
20 DF Jérôme Boateng 25 FC Bayern Munich GER
82%
19 MF Mario Götze 22 FC Bayern Munich GER
81%
7 MF Bastian Schweinsteiger 29 FC Bayern Munich GER
79%
6 MF Sami Khedira 27 Real Madrid C.F. ESP
79%
Head Coach Joachim Löw 54 N/A
76%
10 FW Lukas Podolski 29 Arsenal F.C. ENG
72%
9 MF André Schürrle 23 Chelsea F.C. ENG
71%
17 DF Per Mertesacker 29 Arsenal F.C. ENG
64%
22 GK Roman Weidenfeller 33 Borussia Dortmund GER
56%
14 MF Julian Draxler 20 FC Schalke 04 GER
54%
4 DF Benedikt Höwedes 26 FC Schalke 04 GER
52%
21 DF Shkodran Mustafi 22 U.C. Sampdoria ITA
52%
23 MF Christoph Kramer 23 Borussia Mönchengladbach GER
51%
3 DF Matthias Ginter 20 SC Freiburg GER
45%
12 GK Ron-Robert Zieler 25 Hannover 96 GER
36%
2 DF Kevin Großkreutz 25 Borussia Dortmund GER
34%
15 DF Erik Durm 22 Borussia Dortmund GER
32%
Assistant Coach Hans-Dieter Flick 49 N/A
32%
Team Manager Oliver Bierhoff 46 N/A
19%
Goalie Coach Andreas Köpke 52 N/A
17%
No matching quizzes found
Score Distribution
Percent of People with Each Score
Percentile by Number Answered
Your Score History
You have not taken this quiz